| 000 | 01196nam a2200289 i 4500 | ||
|---|---|---|---|
| 001 | 150752 | ||
| 003 | ES-MaACL | ||
| 005 | 20260112144021.0 | ||
| 007 | t| | ||
| 008 | 071108s1922 sp ac |||| |dspa d | ||
| 100 | 1 |
_aEstévez-Ortega, Enrique. _948167 |
|
| 245 | 1 | 3 |
_aEl alma de Galicia / _cE. Estévez Ortega ; prólogo de El Caballero Audaz ; ilustraciones de Bujados, Castelao, Fresno, Jaime, Juan Luis, Muguruza, Ribas, Sirio, Sotomayor y Zas. |
| 260 |
_aMadrid : _bMundo Latino, _c1922?] ( _fImp. G. Hernández y Galo Sáez) |
||
| 300 |
_a315 p. : _bil., retr. ; _c19 cm. |
||
| 594 | _aEl Caballero Audaz: seudónimo de José María Carretero. | ||
| 599 | _aLas il. son caricaturas de los 25 personajes gallegos tratados en la obra. | ||
| 650 | 4 |
_aGallegos- _vBiografías. _9136160 |
|
| 700 | 1 |
_aEl Caballero Audaz. _933095 |
|
| 700 | 1 |
_aBujados, Manuel ( _d1889-1954) _9166873 |
|
| 700 | 1 |
_aCastelao, _d1886-1950 _936475 |
|
| 700 | 0 |
_aFresno, _d1881-1949 _9169727 |
|
| 700 | 1 |
_aRibas, Federico, _d1890-1952 _9166875 |
|
| 700 | 1 |
_aSirio, Alejandro. _9106679 |
|
| 700 | 1 |
_aAlvarez de Sotomayor, Fernando. _920775 |
|
| 852 |
_aES-MaACL _jF-10718 |
||
| 999 |
_c150752 _d150752 |
||